• 首页
  • 本馆介绍
  • 公告通知
  • 最新文献
  • 馆藏检索
  • 电子资源
  • 读者导购
  • 参考咨询
  • 我的图书馆
  • 登录
  • 详细信息显示
  • 放入我的书架
  • 预约/预借图书
  • 作者相关作品
  • 分类相关作品
  • 丛书相关作品
  • 出版社相关作品

书目信息

  • 表格格式
  • 工作单格式
  • 卡片格式
题名:
自动控制原理与系统
    
 
作者: 叶明超 , 黄海 主编
分册:  
出版信息: 北京   北京理工大学出版社  2019
页数: 237页
开本: 26cm
丛书名:
单 册:
中图分类: TP13 , TP273
科图分类:
主题词: 自动控制理论--Zi Dong Kong Zhi Li Lun--高等学校--教材 , 自动控制系统--Zi Dong Kong Zhi Xi Tong--高等学校--教材
电子资源:
ISBN: 978-7-5682-7494-4
000 01208nam0 2200313 450
001 012001005227
005 20191213102338.95
010    @a978-7-5682-7494-4@dCNY60.00
099    @aCAL 012019146145
100    @a20191106d2019 em y0chiy50 ea
101 0  @achi
102    @aCN@b110000
105    @aa a 000yy
106    @ar
200 1  @a自动控制原理与系统@AZi Dong Kong Zhi Yuan Li Yu Xi Tong@f主编叶明超, 黄海
205    @a第3版
210    @a北京@c北京理工大学出版社@d2019
215    @a237页@c图@d26cm
320    @a有书目 (第237页)
330    @a本书介绍了经典控制理论的基本概念、基本理论和控制系统的基本分析方法及实际应用。主要内容有:自动控制的基本概念、控制系统的数学模型、控制系统的时域分析法和频域分析法、控制系统的校正、直流调速系统、直流脉宽调速系统、位置随动系统、交流变频调速系统等。各章均配有内容提要、小结和大量习题。
606 0  @a自动控制理论@AZi Dong Kong Zhi Li Lun@x高等学校@j教材
606 0  @a自动控制系统@AZi Dong Kong Zhi Xi Tong@x高等学校@j教材
690    @aTP13@v4
690    @aTP273@v4
701  0 @a叶明超@AYe Ming Chao@4主编
701  0 @a黄海@AHuang Hai@4主编
801  0 @aCN@b江苏凤凰@c20191020
905    @b1207639-40@dTP13@e218=3@f2
920    @a232020@z1
    
    自动控制原理与系统/主编叶明超, 黄海.-第3版.-北京:北京理工大学出版社,2019
    237页:图;26cm
    
    
    ISBN 978-7-5682-7494-4:CNY60.00
    本书介绍了经典控制理论的基本概念、基本理论和控制系统的基本分析方法及实际应用。主要内容有:自动控制的基本概念、控制系统的数学模型、控制系统的时域分析法和频域分析法、控制系统的校正、直流调速系统、直流脉宽调速系统、位置随动系统、交流变频调速系统等。各章均配有内容提要、小结和大量习题。
●
相关链接 在E读中查询图书 在五车中查询图书 在当当中查询图书 在豆瓣中查询图书


正题名:自动控制原理与系统     索取号:TP13/218=3         预约/预借

序号 登录号 条形码 馆藏地/架位号 状态 备注
1 1207639   212076395   第二样本阅览室/ [索取号:TP13/218=3] 在馆    
2 1207640   212076402   第三借阅区/ [索取号:TP13/218=3] 在馆    
唐山师范学院图书馆 欢迎您!
大连网信软件有限公司© 版权所有